|
|
|
|
| LEADER |
01157nam a2200277 a 4500 |
| 001 |
28222859 |
| 008 |
090825m19991992enkak 000 0 eng d |
| 020 |
|
|
|a 0582064430 (pbk)
|
| 020 |
|
|
|a 9780582064430 (pbk)
|
| 040 |
|
|
|a UKM
|c UKM
|d NLGGC
|d YDXCP
|d OCLCG
|d OLC
|
| 082 |
0 |
0 |
|a 428.2/4
|2 22
|
| 100 |
1 |
|
|a O'Connor, Philip,
|d 1916-1998
|
| 245 |
1 |
0 |
|a Negotiating /
|c Philip O'Connor, Adrian Pilbeam and Fiona Scott-Barrett
|
| 260 |
|
|
|a Harlow, Eng. :
|b Longman,
|c 1992
|
| 300 |
|
|
|a 96 p. :
|b col. ill. ;
|c 25 cm
|
| 490 |
0 |
|
|a Longman business English skills
|
| 541 |
1 |
|
|e 00014322
|
| 650 |
|
0 |
|a English language
|x Study and teaching
|x Foreign speakers
|
| 650 |
|
0 |
|a Intercultural communication
|v Problems, exercises, etc
|
| 650 |
|
0 |
|a Negotiation in business
|v Problems, exercises, etc
|
| 653 |
|
1 |
|a Business
|a Negotiations
|
| 700 |
1 |
|
|a Pilbeam, Adrian
|
| 700 |
1 |
|
|a Scott-Barrett, Fiona
|
| 852 |
4 |
|
|a Ayesha Abed Library
|j General Shelf.
|
| 999 |
|
|
|c 3533
|d 3533
|
| 952 |
|
|
|0 0
|1 4
|2 ddc
|4 0
|6 428_240000000000000_OCO
|7 0
|9 3206
|a BRACUL
|b BRACUL
|c GEN
|d 2009-09-02
|g 1290.00
|l 1
|m 3
|o 428.24 OCO
|p 3010014322
|r 2010-06-06
|s 2010-05-18
|t 1
|w 2009-09-02
|y BK
|x Koha Inventory 2020
|